Music Quiz

Random Music or Song Quiz

Song Title Endings IV Quiz Stats

 Plays Quiz Updated Nov 12, 2016

Support Sporcle.
Go Orange.
Score 0/40 Timer 04:00
1 Play Today
% Correct
River
93.8%
Loca
93.2%
Time
92.6%
Lie
91.4%
Moon
91.2%
Loud
91.2%
Way
90.6%
This
88.1%
Survive
86%
Seek
83.8%
Feeling
81%
Love
78.6%
Georgia
77.9%
Digger
77.2%
Battlefield
74.7%
Problems
74.3%
Know
72.7%
Heaven
72.2%
You
71.2%
Dying
70.9%
% Correct
Brightside
70.8%
Colors
68.7%
Cheats
68.5%
Fly
68.5%
Corvette
68.3%
Black
67.3%
Juice
63.3%
Bling
61.7%
Beat
61.4%
Myself
59.9%
Tenderness
59.5%
Mash
59.1%
Pie
56%
End
53.1%
Arms
53.1%
Why
51.7%
Man
44.9%
Reputation
41.5%
Flor
40.8%
Rain
35.5%

You're not logged in!

Compare scores with friends on all Sporcle quizzes.
OR
Log In

From the Vault

Europe by Any 3-Letter Blitz

by goc3

Once you know three letters, you probably know the rest. Right?
Remove Ads.
Support Sporcle.
Get the best of Sporcle when you Go Orange. This ad-free experience offers more features, more stats, and more fun while also helping to support Sporcle. Thank you for becoming a member.

Show Comments

Extras

Top Quizzes Today


Score Distribution

Your Account Isn't Verified!

In order to create a playlist on Sporcle, you need to verify the email address you used during registration. Go to your Sporcle Settings to finish the process.

Report this User

Report this user for behavior that violates our Community Guidelines.

Details: